000 00492nam a2200193Ia 4500
003 0100
008 130303s9999 xx 000 0 und d
040 _cARRUPELIB
050 _aBX1959.5.C384 1994
245 _aCommentary on the Catechism of the Catholic church
260 _aLondon
260 _bGeoffrey Chapman
260 _C1994
300 _a440 p.
300 _b24 cm
650 _bCatholic teachings
700 _aedited by Michael J. Walsh , Walsh, Michael J
942 0 0 _01
999 _c18609
_d18609